[Event "FRM-chT2"]
[Site "Skopje"]
[Date "2023.06.03"]
[Round "4"]
[White "Brzovski, Tomica"]
[Black "Nikolovski, Branko Nikola"]
[Result "0-1"]
[WhiteElo "1729"]
[BlackElo "1446"]
[PlyCount "82"]
[EventDate "2023.05.27"]
[EventType "team-tourn"]
[EventRounds "6"]
[EventCountry "MKD"]
[SourceTitle "CBM 214 Extra"]
[Source "ChessBase"]
[SourceDate "2023.07.31"]
[SourceVersion "1"]
[SourceVersionDate "2023.07.31"]
[SourceQuality "1"]

1. e4 e5 2. Nc3 Nf6 3. Bc4 Nc6 4. d3 Bc5 5. h3 d6 6. Nf3 h6 7. a3 a6 8. Qe2 Qe7 9. Be3 Bxe3 10. Qxe3 Be6 11. Nd5 Bxd5 12. Bxd5 Nxd5 13. exd5 Nb8 14. d4 Nd7 15. 0-0-0 0-0-0 16. Rhe1 Rde8 17. dxe5 dxe5 18. Qa7 Qd6 19. Qe3 Kb8 20. c4 e4 21. Nd2 Nc5 22. Re2 Nd3+ 23. Kc2 Qe5 24. Rb1 Nf4 25. g3 Nxe2 26. Qxe2 e3 27. fxe3 Qxe3 28. Qg4 Qg5 29. Qf3 Re3 30. Qxf7 Rxg3 31. Ne4 Qg6 32. Qxg6 Rxg6 33. Rd1 Re8 34. Rd4 Rg2+ 35. Nd2 Re3 36. h4 g5 37. hxg5 hxg5 38. c5 Kc8 39. a4 g4 40. b4 g3 41. Rg4 Ree2 0-1

[Event "Struga Lake Queen U18 op"]
[Site "Struga"]
[Date "2022.09.08"]
[Round "2"]
[White "Jakimova, Bonita"]
[Black "Nikolovski, Branko Nikola"]
[Result "0-1"]
[WhiteElo "1174"]
[BlackElo "1401"]
[PlyCount "28"]
[EventDate "2022.09.07"]
[EventType "swiss"]
[EventRounds "7"]
[EventCountry "MKD"]
[SourceTitle "EXT 2023"]
[Source "ChessBase"]
[SourceDate "2022.10.05"]
[SourceVersion "1"]
[SourceVersionDate "2022.10.05"]
[SourceQuality "1"]

1. e4 e5 2. Nf3 Nc6 3. Bc4 Bc5 4. c3 Nf6 5. d4 exd4 6. e5 d5 7. Bb5 Ne4 8. cxd4 Bb6 9. 0-0 0-0 10. Nc3 Bg4 11. Re1 Nxd4 12. Nxe4 dxe4 13. Rxe4 Nxf3+ 14. gxf3 Qxd1+ 0-1

[Event "FRM-ch U18"]
[Site "Struga"]
[Date "2022.06.24"]
[Round "7"]
[White "Rovchanin, Filip"]
[Black "Nikolovski, Branko Nikola"]
[Result "0-1"]
[WhiteElo "1007"]
[BlackElo "1321"]
[PlyCount "38"]
[EventDate "2022.06.18"]
[EventType "swiss"]
[EventRounds "7"]
[EventCountry "MKD"]
[SourceTitle "EXT 2023"]
[Source "ChessBase"]
[SourceDate "2022.10.05"]
[SourceVersion "1"]
[SourceVersionDate "2022.10.05"]
[SourceQuality "1"]

1. d4 d5 2. Bf4 c5 3. e3 cxd4 4. exd4 Nc6 5. c3 f6 6. Nf3 g5 7. Bg3 Nh6 8. h3 Bf5 9. Bd3 Qd7 10. Bxf5 Nxf5 11. Bh2 h5 12. Nbd2 e6 13. Qc2 g4 14. Ng1 0-0-0 15. Ne2 Bd6 16. 0-0 Rdg8 17. c4 gxh3 18. Nf4 Qg7 19. g3 Bxf4 0-1

[Event "FRM-ch U16"]
[Site "Struga"]
[Date "2021.06.26"]
[Round "5"]
[White "Xheladini, Valton"]
[Black "Nikolovski, Branko Nikola"]
[Result "1-0"]
[WhiteElo "1410"]
[BlackElo "1338"]
[PlyCount "117"]
[EventDate "2021.06.22"]
[EventType "swiss"]
[EventRounds "7"]
[EventCountry "MKD"]
[SourceTitle "EXT 2022"]
[Source "ChessBase"]
[SourceDate "2021.10.06"]
[SourceVersion "1"]
[SourceVersionDate "2021.10.06"]
[SourceQuality "1"]

1. e4 d5 2. exd5 Qxd5 3. Nf3 Bg4 4. Be2 Nf6 5. 0-0 e6 6. d4 Be7 7. h3 Bh5 8. c4 Qd8 9. Be3 0-0 10. Ne5 Bxe2 11. Qxe2 c5 12. Rd1 Qc7 13. Nc3 a6 14. Bf4 Qb6 15. dxc5 Qxc5 16. a3 Nc6 17. b4 Qa7 18. Rd2 Nxe5 19. Qxe5 Rad8 20. Rad1 Rxd2 21. Rxd2 Rd8 22. Rxd8+ Bxd8 23. Qd6 Qb6 24. Qxb6 Bxb6 25. c5 Bd8 26. Kf1 Kf8 27. Ke2 Ke7 28. Kd3 Nd5 29. Nxd5+ exd5 30. Kd4 Ke6 31. Be5 g6 32. a4 Be7 33. f4 Bh4 34. Ke3 Be1 35. b5 axb5 36. axb5 Bb4 37. Kd4 f6 38. Bb8 Ba5 39. Ba7 Bc7 40. g3 f5 41. b6 Bd8 42. c6 Bxb6+ 43. Bxb6 bxc6 44. Bc7 h5 45. h4 Kd7 46. Be5 Ke6 47. Kc5 Kd7 48. Kb6 d4 49. Bxd4 Kd6 50. Bc5+ Kd5 51. Ba3 Ke4 52. Kxc6 Kf3 53. Be7 Kxg3 54. Bg5 Kf3 55. Kd5 Kg3 56. Ke5 Kf3 57. Kf6 Kg3 58. Kxg6 Kg4 59. Kf6 1-0

[Event "FRM-ch U16"]
[Site "Struga"]
[Date "2021.06.24"]
[Round "3"]
[White "Nikolovski, Branko Nikola"]
[Black "Stankovski, Stefan"]
[Result "1-0"]
[WhiteElo "1338"]
[BlackElo "1005"]
[PlyCount "71"]
[EventDate "2021.06.22"]
[EventType "swiss"]
[EventRounds "7"]
[EventCountry "MKD"]
[SourceTitle "EXT 2022"]
[Source "ChessBase"]
[SourceDate "2021.10.06"]
[SourceVersion "1"]
[SourceVersionDate "2021.10.06"]
[SourceQuality "1"]

1. e4 e5 2. Nf3 Nc6 3. Bc4 Bc5 4. c3 Nf6 5. d4 exd4 6. cxd4 Bb4+ 7. Nc3 Nxe4 8. 0-0 Bxc3 9. bxc3 d5 10. Bd3 0-0 11. Qc2 Bf5 12. Re1 Re8 13. Bf4 Bg6 14. Rab1 Qc8 15. c4 Ne7 16. h3 c6 17. Ne5 Qf5 18. Bh2 Qe6 19. Nxg6 Qxg6 20. f3 f5 21. fxe4 fxe4 22. Be2 Nf5 23. Qc3 e3 24. Bd3 Qg5 25. Bxf5 Qxf5 26. Rf1 Qe4 27. Rbe1 Rf8 28. Rxf8+ Rxf8 29. Qxe3 Qc2 30. Bd6 Qf5 31. Bxf8 Qxf8 32. Qe6+ Kh8 33. Qe8 Kg8 34. Qxf8+ Kxf8 35. cxd5 cxd5 36. Re5 1-0

[Event "FRM-ch U16"]
[Site "Ohrid"]
[Date "2020.08.26"]
[Round "3"]
[White "Nikolovski, Branko Nikola"]
[Black "Celeski, Nikola"]
[Result "1-0"]
[WhiteElo "1291"]
[BlackElo "1044"]
[PlyCount "47"]
[EventDate "2020.08.25"]
[EventType "tourn"]
[EventRounds "9"]
[EventCountry "MKD"]
[SourceTitle "CBM 198 Extra"]
[Source "ChessBase"]
[SourceDate "2020.11.30"]
[SourceVersion "1"]
[SourceVersionDate "2020.11.30"]
[SourceQuality "1"]

1. e4 e6 2. d4 d5 3. Nd2 Nf6 4. e5 Nfd7 5. Bd3 c5 6. c3 Nc6 7. Ne2 f6 8. f4 Be7 9. 0-0 0-0 10. Nf3 fxe5 11. fxe5 c4 12. Bc2 b5 13. Nf4 Nb6 14. a3 Bg5 15. Nxe6 Be3+ 16. Bxe3 Bxe6 17. Ng5 Qd7 18. Bxh7+ Kh8 19. Qh5 Bg4 20. Qh4 g6 21. Bxg6+ Kg8 22. e6 Qg7 23. Bf7+ Rxf7 24. exf7+ 1-0

[Event "FRM-ch U16"]
[Site "Ohrid"]
[Date "2020.08.25"]
[Round "1"]
[White "Nikolovski, Branko Nikola"]
[Black "Velkoski, Stojan"]
[Result "1/2-1/2"]
[WhiteElo "1291"]
[BlackElo "1755"]
[PlyCount "111"]
[EventDate "2020.08.25"]
[EventType "tourn"]
[EventRounds "9"]
[EventCountry "MKD"]
[SourceTitle "CBM 198 Extra"]
[Source "ChessBase"]
[SourceDate "2020.11.30"]
[SourceVersion "1"]
[SourceVersionDate "2020.11.30"]
[SourceQuality "1"]

1. d4 e6 2. c4 Nf6 3. Nf3 b6 4. g3 Bb7 5. Bg2 Be7 6. 0-0 0-0 7. Nc3 d5 8. cxd5 exd5 9. Re1 Nbd7 10. a3 Re8 11. Qb3 c5 12. e3 c4 13. Qc2 Bd6 14. Nd2 Rc8 15. e4 dxe4 16. Ndxe4 Nxe4 17. Nxe4 Bxe4 18. Rxe4 Rxe4 19. Bxe4 g6 20. Bd2 Bf8 21. Bg2 Bg7 22. Bc3 Qc7 23. Re1 Rd8 24. f4 Qd6 25. Qe4 b5 26. Bf3 Nb6 27. Kg2 f5 28. Qe2 Nd5 29. Qe6+ Qxe6 30. Rxe6 Nb6 31. Re1 Kf7 32. Bc6 Bxd4 33. Rd1 Bf6 34. Rxd8 Bxd8 35. Bxb5 Bf6 36. Ba5 Bxb2 37. Bxb6 axb6 38. Bxc4+ Kf6 39. a4 h6 40. Kf3 Ba3 41. h3 g5 42. fxg5+ hxg5 43. h4 g4+ 44. Ke3 Bc5+ 45. Ke2 Bd6 46. Kf2 f4 47. gxf4 Bxf4 48. Bd3 Kg7 49. Bf5 g3+ 50. Kf3 Kf6 51. Bd3 Kg7 52. Be4 Bc7 53. Kg4 Kf6 54. Kf3 Ke5 55. Bd3 Bd6 56. Bb5 1/2-1/2

[Event "Ohrid Lasker U20 op"]
[Site "Ohrid"]
[Date "2019.10.13"]
[Round "7"]
[White "Nikolovski, Branko Nikola"]
[Black "Kalin, Andrei"]
[Result "1-0"]
[WhiteElo "1204"]
[BlackElo "1288"]
[PlyCount "111"]
[EventDate "2019.10.10"]
[EventType "swiss"]
[EventRounds "7"]
[EventCountry "MKD"]
[SourceTitle "CBM 192 Extra"]
[Source "Chessbase"]
[SourceDate "2019.11.06"]
[SourceVersion "1"]
[SourceVersionDate "2019.11.06"]
[SourceQuality "1"]

1. e4 c5 2. Nf3 d6 3. d4 cxd4 4. Nxd4 Nf6 5. Nc3 g6 6. f3 Bg7 7. Be3 0-0 8. Qd2 Nc6 9. 0-0-0 Nxd4 10. Bxd4 Be6 11. g4 Qa5 12. Kb1 Rfc8 13. h4 b5 14. Bxf6 Bxf6 15. Nd5 Qxd2 16. Nxf6+ Kg7 17. Rxd2 Kxf6 18. Bxb5 Rab8 19. Ba4 Rc5 20. Bb3 Rcb5 21. Kc1 Bxb3 22. axb3 Ra5 23. Rdd1 Rc5 24. Kd2 Rbc8 25. c4 R5c7 26. f4 Rb8 27. Kc2 Rcc8 28. Rd5 Rc7 29. h5 Rcb7 30. Rh3 Kg7 31. h6+ Kf8 32. g5 Ke8 33. f5 Kd7 34. Rhd3 Rb6 35. fxg6 fxg6 36. e5 Kc7 37. e6 Rf8 38. Kc3 Rfb8 39. Kc2 Rf8 40. Re3 Rf2+ 41. Kc3 Rf8 42. Rdd3 Rfb8 43. Kc2 Rf8 44. Rf3 Rbb8 45. Kc3 Kc6 46. b4 a6 47. Kd4 Rf5 48. Rxf5 gxf5 49. Ke3 Rxb4 50. b3 Rb8 51. Kf4 Kc7 52. Kxf5 Rf8+ 53. Kg4 Rf1 54. g6 Rf6 55. gxh7 Rxh6 56. Rh3 1-0